| 000 | 00638nam a22002177a 4500 | ||
|---|---|---|---|
| 003 | OSt | ||
| 005 | 20260630093921.0 | ||
| 008 | 260630b |||||||| |||| 00| 0 eng d | ||
| 020 | _a9780865865266 | ||
| 040 | _cChuka University Library | ||
| 050 | _aLC 4031 .H54 2017 | ||
| 245 | _aHigh-leverage practices in special education | ||
| 250 | _a1st Ed. | ||
| 260 |
_aArlington _bCouncil for Exceptional Children _c2017 |
||
| 300 |
_a134p _billustrated |
||
| 650 |
_aSpecial education _917077 |
||
| 700 |
_aMcLeskey James _931888 |
||
| 700 |
_aBarringer Mary-Dean _931889 |
||
| 700 |
_aBillingsley Bonnie _931890 |
||
| 942 |
_2lcc _cBK _n0 |
||
| 999 |
_c25543 _d25543 |
||